The link between poverty and water supply: the Nigerian example /
Guardado en:
| Autor principal: | |
|---|---|
| Otros Autores: | |
| Formato: | Texto |
| Etiquetas: |
Agregar Etiqueta
Sin Etiquetas, Sea el primero en etiquetar este registro!
|
MARC
| LEADER | 00000 a a2200000 04500 | ||
|---|---|---|---|
| 001 | 43894 | ||
| 003 | |||
| 040 | |||
| 100 | |a Aderinwale, Ayodele | ||
| 245 | |a The link between poverty and water supply: |b the Nigerian example / |c Ayodele Aderinwale y Olumide A. Ajayi | ||
| 700 | |a Ajayi, Olumide A. | ||
| 773 | |g páginas 65-86 : tablas | ||
| 999 | |c 28264 |d 28264 | ||
